[Event "Primorsko op-B"]
[Site "Primorsko"]
[Date "2019.09.21"]
[Round "6"]
[White "Stefanov, Plamen"]
[Black "Vandev, Dimitar"]
[Result "1/2-1/2"]
[WhiteElo "2054"]
[BlackElo "2026"]
[PlyCount "161"]
[EventDate "2019.09.16"]
[EventType "swiss"]
[EventRounds "7"]
[EventCountry "BUL"]
[SourceTitle "EXT 2020"]
[Source "ChessBase"]
[SourceDate "2019.10.17"]
[SourceVersion "1"]
[SourceVersionDate "2019.10.17"]
[SourceQuality "1"]

1. e4 b6 2. d4 Bb7 3. Bd3 Nf6 4. Qe2 Nc6 5. c3 e5 6. d5 Ne7 7. Nf3 Ng6 8. g3 Bc5 9. b4 Be7 10. Nbd2 c6 11. dxc6 Bxc6 12. Bb2 0-0 13. 0-0 Qc7 14. a3 a5 15. Rac1 Rfe8 16. Rfe1 Rac8 17. h3 Bb7 18. Qe3 Bf8 19. Qe2 Rcd8 20. Bc4 h6 21. Ba2 d5 22. exd5 Nxd5 23. Ne4 Qc6 24. Qc4 Qe6 25. Qf1 Qf5 26. Nh2 Bc8 27. g4 Qd7 28. Rcd1 Qc6 29. Qc4 Qxc4 30. Bxc4 Ndf4 31. Bf1 Bb7 32. f3 f6 33. Kf2 Be7 34. Ng3 Nh4 35. Bc1 g5 36. Be3 Nd5 37. Bc4 b5 38. Bxb5 Nxc3 39. Rxd8 Rxd8 40. Bc4+ Kg7 41. Nh5+ Kg6 42. Bb3 axb4 43. Bc2+ Kf7 44. Bb3+ Kf8 45. axb4 Nd5 46. Bxd5 Rxd5 47. Rb1 Rb5 48. Bd2 Kf7 49. Ng3 Bc5+ 50. Ke2 Ke6 51. Ne4 Be7 52. Nf1 f5 53. gxf5+ Nxf5 54. Be3 Nxe3 55. Nxe3 Rxb4 56. Rxb4 Bxb4 57. Ng4 Bf8 58. Ng3 Bc6 59. Ne3 Bc5 60. Ng4 Bf8 61. Ne3 Be7 62. Ng4 h5 63. Ne3 Bc5 64. Ng2 Kd5 65. h4 g4 66. fxg4 hxg4 67. Ne3+ Bxe3 68. Kxe3 Ke6 69. Kf2 e4 70. Ke3 Ke5 71. Ne2 Be8 72. Ng3 Bg6 73. Ne2 Be8 74. Ng3 Bc6 75. h5 Be8 76. Nxe4 Bxh5 77. Ng3 Bg6 78. Nf1 Be8 79. Nh2 g3 80. Kf3 gxh2 81. Kg2 1/2-1/2

[Event "Primorsko op-A"]
[Site "Primorsko"]
[Date "2019.09.19"]
[Round "5"]
[White "Vandev, Dimitar"]
[Black "Luzhinsky, Vitaly"]
[Result "1-0"]
[WhiteElo "2026"]
[BlackElo "2324"]
[PlyCount "95"]
[EventDate "2019.09.15"]
[EventType "swiss"]
[EventRounds "9"]
[EventCountry "BUL"]
[SourceTitle "EXT 2020"]
[Source "ChessBase"]
[SourceDate "2019.10.17"]
[SourceVersion "1"]
[SourceVersionDate "2019.10.17"]
[SourceQuality "1"]

1. e4 g6 2. d4 Bg7 3. Nf3 c5 4. c3 cxd4 5. cxd4 d5 6. e5 Nc6 7. Be3 Nh6 8. Nc3 Nf5 9. Qd2 Nxe3 10. fxe3 0-0 11. Bb5 f6 12. 0-0 fxe5 13. Bxc6 bxc6 14. Nxe5 Rxf1+ 15. Rxf1 Qc7 16. Qf2 Bf5 17. Qg3 Qd6 18. a3 Rf8 19. Na4 a5 20. Nc5 Bxe5 21. Qxe5 Qxe5 22. dxe5 Rb8 23. b3 Bc2 24. a4 Rb4 25. Rf4 Rb8 26. Kf2 Bf5 27. Rf3 h5 28. Ke2 Kg7 29. Kd2 Kh6 30. Rf4 e6 31. Kc3 g5 32. Rd4 h4 33. b4 axb4+ 34. Rxb4 Ra8 35. Rb6 Be4 36. Rb2 g4 37. Nxe4 dxe4 38. Ra2 Kg5 39. a5 Ra6 40. Kd4 Kf5 41. Ra1 g3 42. hxg3 hxg3 43. Ra3 c5+ 44. Kxc5 Kxe5 45. Kb5 Ra8 46. a6 Kd6 47. a7 Kc7 48. Ka6 1-0

[Event "Primorsko op-B"]
[Site "Primorsko"]
[Date "2019.09.17"]
[Round "2"]
[White "Vandev, Dimitar"]
[Black "Tymkul, Anastasiya"]
[Result "1-0"]
[WhiteElo "2026"]
[BlackElo "1360"]
[PlyCount "33"]
[EventDate "2019.09.16"]
[EventType "swiss"]
[EventRounds "7"]
[EventCountry "BUL"]
[SourceTitle "EXT 2020"]
[Source "ChessBase"]
[SourceDate "2019.10.17"]
[SourceVersion "1"]
[SourceVersionDate "2019.10.17"]
[SourceQuality "1"]

1. e4 e5 2. Nc3 Nf6 3. Bc4 Bb4 4. f4 Bxc3 5. dxc3 exf4 6. e5 Qe7 7. Qe2 Ng8 8. Bxf4 Nc6 9. Nf3 b6 10. 0-0-0 Bb7 11. Rhe1 0-0-0 12. Qd3 h6 13. b4 Qf8 14. Bg3 Nge7 15. Nh4 f6 16. Rf1 h5 17. Rd2 1-0

[Event "Primorsko op-A"]
[Site "Primorsko"]
[Date "2019.09.15"]
[Round "1"]
[White "Vandev, Dimitar"]
[Black "Dimitrov, Radoslav"]
[Result "0-1"]
[WhiteElo "2026"]
[BlackElo "2528"]
[PlyCount "88"]
[EventDate "2019.09.15"]
[EventType "swiss"]
[EventRounds "9"]
[EventCountry "BUL"]
[SourceTitle "EXT 2020"]
[Source "ChessBase"]
[SourceDate "2019.10.17"]
[SourceVersion "1"]
[SourceVersionDate "2019.10.17"]
[SourceQuality "1"]

1. e4 c5 2. b3 Nc6 3. Bb2 e5 4. Bb5 d6 5. Bxc6+ bxc6 6. d3 Qg5 7. Qf3 h5 8. Nd2 Ne7 9. h4 Qf6 10. Nc4 Qxf3 11. Nxf3 Ng6 12. g3 f6 13. Ne3 Be6 14. a4 d5 15. 0-0 Bd6 16. Nd2 Kd7 17. Rfe1 Rab8 18. Ba3 Ne7 19. f3 g6 20. Re2 Rhg8 21. Kf2 g5 22. Rh1 g4 23. fxg4 Bxg4 24. Nxg4 Rxg4 25. Nf1 Rf8 26. Ne3 Rgg8 27. Rg1 f5 28. Nxf5 Nxf5 29. exf5 Rxf5+ 30. Ke3 c4 31. Bxd6 cxd3 32. cxd3 Kxd6 33. Rc2 Rf7 34. Ke2 Rb7 35. Rgc1 Rc8 36. Rf1 d4 37. Rf5 Rxb3 38. Rxh5 c5 39. Rc4 Rf8 40. Rc2 c4 41. Rh6+ Kd5 42. Rxc4 Rb2+ 43. Ke1 Rb1+ 44. Ke2 Rbf1 0-1

[Event "Sliven op 17th"]
[Site "Sliven"]
[Date "2016.09.30"]
[Round "2"]
[White "Vandev, Dimitar"]
[Black "Stoyanov, Stoyan"]
[Result "1-0"]
[WhiteElo "2110"]
[BlackElo "1936"]
[PlyCount "49"]
[EventDate "2016.09.30"]
[EventType "swiss"]
[EventRounds "7"]
[EventCountry "BUL"]
[SourceTitle "EXT 2017"]
[Source "ChessBase"]
[SourceDate "2016.10.25"]
[SourceVersion "1"]
[SourceVersionDate "2016.10.25"]
[SourceQuality "1"]

1. e4 g6 2. d4 Bg7 3. Nf3 d6 4. c3 Nf6 5. Bd3 Bg4 6. Nbd2 c5 7. h3 Bxf3 8. Nxf3 0-0 9. 0-0 Nfd7 10. Be3 Nc6 11. Qb3 Qc7 12. Rfd1 a6 13. a4 Rab8 14. Qa3 b5 15. dxc5 b4 16. cxd6 Qa5 17. cxb4 Nxb4 18. dxe7 Rfe8 19. Bd4 Bxd4 20. Nxd4 Nc5 21. Nb3 Nxb3 22. Qxb3 Rxe7 23. Rac1 Reb7 24. Bf1 Qe5 25. g3 1-0

[Event "Primorsko Dyuni op 1st"]
[Site "Primorsko"]
[Date "2016.05.23"]
[Round "6"]
[White "Genova, Liubka"]
[Black "Vandev, Dimitar"]
[Result "1/2-1/2"]
[WhiteElo "2193"]
[BlackElo "2103"]
[PlyCount "51"]
[EventDate "2016.05.21"]
[EventType "swiss"]
[EventRounds "7"]
[EventCountry "BUL"]
[SourceTitle "CBM 172 Extra"]
[Source "ChessBase"]
[SourceDate "2016.06.21"]
[SourceVersion "1"]
[SourceVersionDate "2016.06.21"]
[SourceQuality "1"]

1. e4 b6 2. d4 Bb7 3. Bd3 Nf6 4. f3 d5 5. e5 Ng8 6. Ne2 e6 7. 0-0 Ne7 8. Ng3 h5 9. Bg5 h4 10. Ne2 Qd7 11. Qe1 h3 12. g4 Ng6 13. Bxg6 fxg6 14. Nf4 Qf7 15. Qg3 c5 16. Nxh3 Nc6 17. Na3 Nxd4 18. Rae1 a6 19. c3 Nc6 20. Nc2 Be7 21. f4 0-0-0 22. a3 d4 23. Bxe7 Qxe7 24. Ng5 dxc3 25. bxc3 Na5 26. Ne4 1/2-1/2